000 00776nam a2200229 a 4500
001 000023863
005 20200930022526.0
008 110114s1970 sp r 000 f spa d
040 _aDO-SdBNP
_bspa
_cBNPHU
082 _a891.73
_bC515n
100 1 _aChéjov, Antón P.
_d1860-1904.
_949091
245 1 0 _aNarraciones /
_cAntón Pávlovich Chéjov ; prólogo y traducción del ruso de José Laín Entralgo.
260 _aMadrid, (España) :
_bSalvat Editores,
_c1970.
300 _a170, [4] p. ;
_c19 cm.
490 1 _aBiblioteca básica salvat
_v44
500 _aTraducido del ruso.
650 4 _aNovela rusa
_94742
650 4 _aLiteratura rusa
_94743
700 1 _aEntralgo, José Laín
_epról.
_949092
830 0 _aBiblioteca básica salvat
_v44
_917630
049 _aBNGR
999 _c23359
_d23359